Is that a politician in your pocket? : (Record no. 13916)

000 -LEADER
fixed length control field 00703cam a2200205 a 4500
020 ## - INTERNATIONAL STANDARD BOOK NUMBER
ISBN 047167995X (pbk.)
040 ## - CATALOGING SOURCE
Transcribing agency DLC
082 00 - DEWEY DECIMAL CLASSIFICATION NUMBER
Classification number 328 JOH 2004 A012 Or.
100 1# - MAIN ENTRY--AUTHOR NAME
Personal name Sifry, Micah L.
245 10 - TITLE STATEMENT
Title Is that a politician in your pocket? :
Remainder of title Washington on $2 million a day /
260 ## - PUBLICATION, DISTRIBUTION, ETC. (IMPRINT)
Place of publication Hoboken, N.J. :
Name of publisher John Wiley & Sons,
Year of publication c2004.
300 ## - PHYSICAL DESCRIPTION
Number of Pages xi, 227 p. :
Other physical details ill. ;
Dimensions 22 cm.
650 #0 - SUBJECT ADDED ENTRY--TOPICAL TERM
Topical Term Lobbying
650 #0 - SUBJECT ADDED ENTRY--TOPICAL TERM
Topical Term Pressure groups
700 1# - ADDED ENTRY--PERSONAL NAME
Personal name Watzman, Nancy.
856 42 - ELECTRONIC LOCATION AND ACCESS
Uniform Resource Identifier http://www.loc.gov/catdir/bios/wiley047/2004008520.html
856 42 - ELECTRONIC LOCATION AND ACCESS
Uniform Resource Identifier http://www.loc.gov/catdir/description/wiley041/2004008520.html
856 41 - ELECTRONIC LOCATION AND ACCESS
Uniform Resource Identifier http://www.loc.gov/catdir/toc/ecip0417/2004008520.html
942 ## - ADDED ENTRY ELEMENTS (KOHA)
Koha item type សៀវភៅភាសាអង់គ្លេស
952 ## - LOCATION AND ITEM INFORMATION (KOHA)
Withdrawn status [LOCAL, KOHA] 0
Holdings
Permanent Location Date acquired Koha item type Lost status Shelving location Barcode Current Location Full call number
Library Block A2017-10-03សៀវភៅភាសាអង់គ្លេស A012A14797Library Block A328 JOH 2004 A012 Or.
មជ្ឈមណ្ឌលឯការនៃសាកលវិទ្យាល័យភូមិន្ទកសិកម្មចំការដូង

Powered by Koha